000 00860nam a2200253 a 4500
001 000019431
005 20200929170021.0
008 100629s2008 es ac 001 0 spa d
020 _a9788484038696
040 _aDO-SdBNP
_bspa
_cBNPHU
082 _a923.9
_bH557
245 0 0 _aHernán Cortés /.
260 _aMadrid :
_bEdimat Libros,
_c2008.
300 _a190 p. :
_bil., retrs. ;
_c22 cm.
490 1 _aGrandes biografías
500 _aIncluye datos biográficos de Hernán Cortés en la contracubierta
500 _aIncluye cronología de Hernán Cortés
504 _aIncluye bibligrafías (p. 6-7)
600 1 4 _aCORTÉS, HERNÁN, 1485-1547.
_941708
650 4 _aAmérica
_xDescubrimiento y exploraciones
_xEspañoles
_941709
650 4 _aConquistadores españoles
_xBiografías
_941710
830 0 _aGrandes biografías
_911230
049 _aBNPD
999 _c18947
_d18947